[Event "WCO 2016"]
[Site "?"]
[Date "2016.09.11"]
[Round "9"]
[Board "11"]
[WhiteID "207977"]
[White "Barbier Wiebke"]
[BlackID "3405494"]
[Black "Jorquera Cabello Valentina"]
[Result "1/2-1/2"]
[BlackElo "2019"]
[WhiteElo "2008"]
[LiveChessVersion "1.4.8"]

1. e4 {[%clk 1:30:58]} c5 {[%clk 1:30:46]} 2. Be2 {[%clk 1:31:24]} Nc6
{[%clk 1:30:45]} 3. d3 {[%clk 1:31:50]} d5 {[%clk 1:29:41]} 4. Nd2
{[%clk 1:30:39]} Nf6 {[%clk 1:29:56]} 5. Ngf3 {[%clk 1:30:55]} e6
{[%clk 1:08:01]} 6. O-O {[%clk 1:29:45]} Be7 {[%clk 1:07:41]} 7. c3
{[%clk 1:29:44]} c4 {[%clk 0:59:11]} 8. exd5 {[%clk 1:18:25]} cxd3
{[%clk 0:59:11]} 9. Bxd3 {[%clk 1:12:27]} Qxd5 {[%clk 0:55:52]} 10. Qc2
{[%clk 1:06:52]} Qh5 {[%clk 0:50:40]} 11. Ne4 {[%clk 1:03:01]} Nxe4
{[%clk 0:45:34]} 12. Bxe4 {[%clk 1:03:24]} Bd7 {[%clk 0:39:27]} 13. Bf4
{[%clk 1:00:44]} g5 {[%clk 0:37:35]} 14. Be3 {[%clk 1:00:18]} f5 {[%clk 0:27:35]}
15. Bxc6 {[%clk 0:57:05]} Bxc6 {[%clk 0:26:38]} 16. Ne5 {[%clk 0:56:08]} Bd6
{[%clk 0:26:32]} 17. Bd4 {[%clk 0:56:19]} Rg8 {[%clk 0:23:52]} 18. Rfe1
{[%clk 0:42:40]} Rg6 {[%clk 0:21:18]} 19. Qe2 {[%clk 0:41:31]} g4
{[%clk 0:20:28]} 20. Qe3 {[%clk 0:34:59]} Rh6 {[%clk 0:12:10]} 21. Qg3
{[%clk 0:33:03]} O-O-O {[%clk 0:04:19]} 22. Be3 {[%clk 0:31:53]} Bxe5
{[%clk 0:01:37]} 23. Qxe5 {[%clk 0:30:23]} g3 {[%clk 0:02:06]} 24. h3
{[%clk 0:25:00]} gxf2+ {[%clk 0:01:16]} 25. Bxf2 {[%clk 0:25:04]} Rg8
{[%clk 0:00:45]} 26. Bg3 {[%clk 0:23:49]} Rxg3 {[%clk 0:01:14]} 27. Qxg3
{[%clk 0:23:57]} Rg6 {[%clk 0:01:43]} 28. Qe3 {[%clk 0:22:24]} Rxg2+
{[%clk 0:01:16]} 29. Kf1 {[%clk 0:22:49]} Rg6 {[%clk 0:01:18]} 30. Re2
{[%clk 0:21:23]} f4 {[%clk 0:00:53]} 31. Qxf4 {[%clk 0:14:23]} Rg8
{[%clk 0:00:38]} 32. Qe3 {[%clk 0:12:18]} Bd5 {[%clk 0:01:07]} 33. Rd1
{[%clk 0:10:07]} Bc4 {[%clk 0:00:40]} 34. Rdd2 {[%clk 0:05:17]} Qf5+
{[%clk 0:00:36]} 35. Ke1 {[%clk 0:04:44]} Bxe2 {[%clk 0:00:42]} 1/2-1/2

[Event "WCO 2016"]
[Site "?"]
[Date "2016.09.11"]
[Round "9"]
[Board "12"]
[WhiteID "3412369"]
[White "Bernal Hurtado Constanza"]
[BlackID "200395"]
[Black "Barbier Astrid"]
[Result "0-1"]
[BlackElo "1825"]
[WhiteElo "1779"]
[LiveChessVersion "1.4.8"]

1. d4 {[%clk 1:30:56]} f5 {[%clk 1:30:51]} 2. Nf3 {[%clk 1:31:07]} Nf6
{[%clk 1:30:58]} 3. Bf4 {[%clk 1:30:57]} g6 {[%clk 1:30:04]} 4. e3
{[%clk 1:31:09]} Bg7 {[%clk 1:29:49]} 5. c4 {[%clk 1:27:59]} d6 {[%clk 1:19:16]}
6. h3 {[%clk 1:23:30]} c6 {[%clk 1:17:11]} 7. Nc3 {[%clk 1:21:06]} O-O
{[%clk 1:08:39]} 8. Be2 {[%clk 1:19:06]} Qe8 {[%clk 1:07:20]} 9. O-O
{[%clk 1:13:06]} h6 {[%clk 1:00:40]} 10. Nd2 {[%clk 1:02:51]} Nbd7
{[%clk 0:44:09]} 11. d5 {[%clk 0:54:04]} Nb6 {[%clk 0:35:45]} 12. Qb3
{[%clk 0:47:49]} Kh7 {[%clk 0:32:52]} 13. a4 {[%clk 0:37:27]} Nbd7
{[%clk 0:30:39]} 14. Nf3 {[%clk 0:24:15]} Nc5 {[%clk 0:23:05]} 15. Qc2
{[%clk 0:22:43]} a5 {[%clk 0:19:31]} 16. Rad1 {[%clk 0:20:59]} Bd7
{[%clk 0:17:12]} 17. b3 {[%clk 0:19:48]} Qc8 {[%clk 0:15:59]} 18. Ne1
{[%clk 0:10:30]} Na6 {[%clk 0:13:39]} 19. Qd2 {[%clk 0:04:02]} Nc5
{[%clk 0:12:27]} 20. Qc2 {[%clk 0:04:16]} Nfe4 {[%clk 0:10:54]} 21. Nxe4
{[%clk 0:04:18]} Nxe4 {[%clk 0:11:16]} 22. f3 {[%clk 0:03:07]} Nc3
{[%clk 0:09:31]} 23. Rd3 {[%clk 0:03:08]} Nxe2+ {[%clk 0:09:36]} 24. Qxe2
{[%clk 0:03:36]} Be8 {[%clk 0:08:02]} 25. Bg3 {[%clk 0:02:46]} b5
{[%clk 0:07:33]} 26. Qc2 {[%clk 0:01:05]} cxd5 {[%clk 0:06:50]} 27. Rxd5
{[%clk 0:01:02]} bxa4 {[%clk 0:07:06]} 28. bxa4 {[%clk 0:00:52]} Bf7
{[%clk 0:07:22]} 29. Rd2 {[%clk 0:00:57]} Bxc4 {[%clk 0:07:13]} 30. Nd3
{[%clk 0:00:54]} Qa6 {[%clk 0:06:40]} 31. Rb1 {[%clk 0:00:40]} Rfc8
{[%clk 0:05:50]} 32. Nf4 {[%clk 0:00:51]} Bf7 {[%clk 0:05:35]} 33. Qd1
{[%clk 0:00:45]} Rc3 {[%clk 0:04:44]} 34. Bf2 {[%clk 0:00:51]} Ra3
{[%clk 0:04:25]} 35. Nd5 {[%clk 0:00:54]} Bxd5 {[%clk 0:04:08]} 36. Rxd5
{[%clk 0:01:22]} Qc4 {[%clk 0:04:18]} 37. Rc1 {[%clk 0:00:32]} Qxa4
{[%clk 0:04:04]} 38. Qxa4 {[%clk 0:00:51]} Rxa4 {[%clk 0:04:30]} 39. Rc7
{[%clk 0:01:12]} Bf6 {[%clk 0:03:00]} 40. Rxd6 {[%clk 0:30:54]} Ra1+
{[%clk 0:31:45]} 41. Kh2 {[%clk 0:31:19]} Be5+ {[%clk 0:29:17]} 42. Bg3
{[%clk 0:31:20]} Bxd6 {[%clk 0:25:32]} 43. Bxd6 {[%clk 0:31:48]} Ra6
{[%clk 0:16:42]} 44. Rxe7+ {[%clk 0:31:09]} Kg8 {[%clk 0:17:03]} 45. Be5
{[%clk 0:16:27]} Rd1 {[%clk 0:16:58]} 46. Rc7 {[%clk 0:15:31]} a4
{[%clk 0:16:21]} 47. Rc2 {[%clk 0:14:29]} a3 {[%clk 0:15:18]} 48. Ra2
{[%clk 0:14:24]} Rd3 {[%clk 0:14:45]} 49. Kg3 {[%clk 0:11:22]} Rxe3
{[%clk 0:14:06]} 50. Bd4 {[%clk 0:08:35]} Rd3 {[%clk 0:13:45]} 51. Bc5
{[%clk 0:07:44]} g5 {[%clk 0:13:14]} 52. Kf2 {[%clk 0:07:37]} Rb3
{[%clk 0:13:08]} 53. Bd4 {[%clk 0:07:55]} Ra4 {[%clk 0:12:35]} 54. Be5
{[%clk 0:07:39]} Rab4 {[%clk 0:11:38]} 55. Kg3 {[%clk 0:07:22]} Rc4
{[%clk 0:11:04]} 56. Ba1 {[%clk 0:05:15]} Kf7 {[%clk 0:09:31]} 57. Be5
{[%clk 0:04:58]} h5 {[%clk 0:08:40]} 58. Rd2 {[%clk 0:03:06]} Ra4
{[%clk 0:08:30]} 59. Ra2 {[%clk 0:03:34]} h4+ {[%clk 0:08:09]} 60. Kf2
{[%clk 0:02:34]} Rab4 {[%clk 0:06:53]} 61. Kg1 {[%clk 0:02:33]} Rb1+
{[%clk 0:05:38]} 62. Kh2 {[%clk 0:02:42]} Rc4 {[%clk 0:03:47]} 63. g3
{[%clk 0:01:18]} Rb3 {[%clk 0:04:00]} 64. Kg2 {[%clk 0:01:13]} Rcb4
{[%clk 0:04:18]} 65. Kf1 {[%clk 0:00:43]} Rb1+ {[%clk 0:04:19]} 66. Ke2
{[%clk 0:00:48]} R4b2+ {[%clk 0:04:16]} 67. Rxb2 {[%clk 0:01:13]} Rxb2+
{[%clk 0:04:43]} 0-1

[Event "WCO 2016"]
[Site "?"]
[Date "2016.09.11"]
[Round "9"]
[Board "9"]
[WhiteID "13703544"]
[White "Abdumalik Zhansaya"]
[BlackID "3700860"]
[Black "Vargas Gabriela"]
[Result "1-0"]
[BlackElo "2050"]
[WhiteElo "2389"]
[LiveChessVersion "1.4.8"]

1. e4 {[%clk 1:30:57]} e6 {[%clk 1:30:35]} 2. d4 {[%clk 1:31:17]} d5
{[%clk 1:30:49]} 3. Nc3 {[%clk 1:30:47]} dxe4 {[%clk 1:30:45]} 4. Nxe4
{[%clk 1:31:08]} Bd7 {[%clk 1:31:11]} 5. Nf3 {[%clk 1:28:49]} Bc6
{[%clk 1:31:33]} 6. Bd3 {[%clk 1:27:14]} Nd7 {[%clk 1:29:47]} 7. c3
{[%clk 1:25:02]} Ngf6 {[%clk 1:30:05]} 8. Ng3 {[%clk 1:24:33]} Be7
{[%clk 1:29:19]} 9. O-O {[%clk 1:21:08]} Bxf3 {[%clk 1:28:37]} 10. Qxf3
{[%clk 1:19:51]} c6 {[%clk 1:29:06]} 11. Re1 {[%clk 1:18:54]} O-O
{[%clk 1:28:07]} 12. Bc2 {[%clk 1:17:21]} Re8 {[%clk 1:21:44]} 13. h4
{[%clk 1:11:07]} Qc7 {[%clk 1:16:11]} 14. h5 {[%clk 1:08:22]} h6 {[%clk 1:12:45]}
15. a3 {[%clk 0:53:56]} Rad8 {[%clk 0:49:21]} 16. Be3 {[%clk 0:49:16]} Nd5
{[%clk 0:38:36]} 17. Bd2 {[%clk 0:48:03]} N5f6 {[%clk 0:38:38]} 18. Rad1
{[%clk 0:47:17]} Qb6 {[%clk 0:35:43]} 19. Bc1 {[%clk 0:45:16]} Nf8
{[%clk 0:31:39]} 20. b4 {[%clk 0:40:18]} a5 {[%clk 0:29:34]} 21. Ne4
{[%clk 0:38:47]} Nxe4 {[%clk 0:21:33]} 22. Rxe4 {[%clk 0:36:05]} Bg5
{[%clk 0:16:57]} 23. Bxg5 {[%clk 0:31:04]} hxg5 {[%clk 0:17:24]} 24. Rg4
{[%clk 0:31:04]} axb4 {[%clk 0:17:36]} 25. Rxg5 {[%clk 0:27:09]} Rd5
{[%clk 0:17:55]} 26. Rxd5 {[%clk 0:25:31]} exd5 {[%clk 0:18:01]} 27. axb4
{[%clk 0:25:39]} Qa7 {[%clk 0:16:19]} 28. g3 {[%clk 0:23:41]} Re6
{[%clk 0:16:04]} 29. Kg2 {[%clk 0:23:36]} Rf6 {[%clk 0:14:32]} 30. Qd3
{[%clk 0:23:46]} Re6 {[%clk 0:14:13]} 31. Rh1 {[%clk 0:23:11]} Qa8
{[%clk 0:10:57]} 32. Qd2 {[%clk 0:22:36]} Qe8 {[%clk 0:08:08]} 33. Bd3
{[%clk 0:22:53]} Qd8 {[%clk 0:06:00]} 34. Qf4 {[%clk 0:21:29]} Rf6
{[%clk 0:04:15]} 35. Qg4 {[%clk 0:21:49]} Kh8 {[%clk 0:04:28]} 36. Re1
{[%clk 0:21:20]} Kg8 {[%clk 0:03:36]} 37. Re5 {[%clk 0:20:51]} Rh6
{[%clk 0:02:01]} 38. Qe2 {[%clk 0:20:05]} Re6 {[%clk 0:01:46]} 39. f4
{[%clk 0:19:29]} Rxe5 {[%clk 0:01:14]} 40. Qxe5 {[%clk 0:49:06]} f6
{[%clk 0:30:34]} 41. Qe3 {[%clk 0:48:51]} Qd6 {[%clk 0:26:28]} 42. g4
{[%clk 0:47:32]} Qe6 {[%clk 0:26:06]} 43. Kf3 {[%clk 0:47:05]} Qxe3+
{[%clk 0:24:58]} 44. Kxe3 {[%clk 0:47:34]} Nd7 {[%clk 0:24:04]} 45. c4
{[%clk 0:46:08]} dxc4 {[%clk 0:23:15]} 46. Bxc4+ {[%clk 0:46:30]} Kf8
{[%clk 0:23:41]} 47. Ke4 {[%clk 0:46:44]} Ke7 {[%clk 0:22:08]} 48. g5
{[%clk 0:46:27]} fxg5 {[%clk 0:21:50]} 49. fxg5 {[%clk 0:46:55]} Nb6
{[%clk 0:12:50]} 50. Bb3 {[%clk 0:47:08]} Nc8 {[%clk 0:11:37]} 51. Kf5
{[%clk 0:46:57]} Kf8 {[%clk 0:10:16]} 52. h6 {[%clk 0:46:57]} gxh6
{[%clk 0:10:09]} 53. gxh6 {[%clk 0:47:22]} Nd6+ {[%clk 0:00:31]} 54. Kg6
{[%clk 0:47:34]} 1-0

[Event "WCO 2016"]
[Site "?"]
[Date "2016.09.11"]
[Round "9"]
[Board "10"]
[WhiteID "3702073"]
[White "Avalos Leticia"]
[BlackID "13702971"]
[Black "Dauletova Gulmira"]
[Result "0-1"]
[BlackElo "2275"]
[WhiteElo "1729"]
[LiveChessVersion "1.4.8"]

1. d4 {[%clk 1:30:57]} Nf6 {[%clk 1:30:52]} 2. c4 {[%clk 1:31:20]} e6
{[%clk 1:30:51]} 3. Nc3 {[%clk 1:31:38]} Bb4 {[%clk 1:29:47]} 4. Qc2
{[%clk 1:31:56]} O-O {[%clk 1:28:28]} 5. Bg5 {[%clk 1:31:19]} h6 {[%clk 1:18:46]}
6. Bh4 {[%clk 1:31:28]} d6 {[%clk 1:14:39]} 7. a3 {[%clk 1:28:58]} Bxc3+
{[%clk 1:15:00]} 8. Qxc3 {[%clk 1:29:22]} Nbd7 {[%clk 1:13:28]} 9. f3
{[%clk 1:23:13]} b6 {[%clk 1:04:19]} 10. e3 {[%clk 1:15:46]} c5 {[%clk 0:56:45]}
11. Bf2 {[%clk 1:13:12]} cxd4 {[%clk 0:49:05]} 12. exd4 {[%clk 1:11:54]} Ba6
{[%clk 0:45:33]} 13. Bd3 {[%clk 1:07:57]} Rc8 {[%clk 0:44:36]} 14. b3
{[%clk 0:50:58]} d5 {[%clk 0:34:15]} 15. Ne2 {[%clk 0:49:12]} dxc4
{[%clk 0:32:23]} 16. bxc4 {[%clk 0:49:35]} Bxc4 {[%clk 0:29:24]} 17. Bxc4
{[%clk 0:49:14]} b5 {[%clk 0:29:52]} 18. Qb4 {[%clk 0:49:11]} bxc4
{[%clk 0:29:52]} 19. O-O {[%clk 0:49:08]} Nd5 {[%clk 0:30:07]} 20. Qa4
{[%clk 0:48:52]} N7b6 {[%clk 0:22:57]} 21. Qc2 {[%clk 0:48:48]} Qd7
{[%clk 0:18:10]} 22. Ng3 {[%clk 0:42:58]} c3 {[%clk 0:15:05]} 23. Ne4
{[%clk 0:40:17]} Qe7 {[%clk 0:10:47]} 24. Rfc1 {[%clk 0:38:43]} Rc4
{[%clk 0:10:31]} 25. Qb3 {[%clk 0:33:45]} Rfc8 {[%clk 0:10:21]} 26. Rc2
{[%clk 0:31:18]} f5 {[%clk 0:08:45]} 27. Nc5 {[%clk 0:29:03]} Qf6
{[%clk 0:09:12]} 28. Re1 {[%clk 0:28:40]} Rxd4 {[%clk 0:03:52]} 29. Nxe6
{[%clk 0:21:12]} Rdc4 {[%clk 0:04:19]} 30. Qb5 {[%clk 0:11:11]} Kh7
{[%clk 0:04:34]} 31. Bc5 {[%clk 0:09:36]} R4xc5 {[%clk 0:02:15]} 32. Nxc5
{[%clk 0:06:52]} Qd4+ {[%clk 0:02:44]} 33. Kh1 {[%clk 0:07:12]} Rxc5
{[%clk 0:03:11]} 34. Qe8 {[%clk 0:06:34]} Nf6 {[%clk 0:03:31]} 35. Qf7
{[%clk 0:04:40]} Qd5 {[%clk 0:02:02]} 36. Qxa7 {[%clk 0:03:05]} Qb3
{[%clk 0:01:54]} 37. Rec1 {[%clk 0:00:51]} Rd5 {[%clk 0:02:13]} 38. h3
{[%clk 0:00:32]} Rd1+ {[%clk 0:00:37]} 39. Rxd1 {[%clk 0:00:32]} Qxc2
{[%clk 0:01:06]} 40. Rd8 {[%clk 0:30:52]} Qb1+ {[%clk 0:30:39]} 41. Kh2
{[%clk 0:31:13]} c2 {[%clk 0:29:02]} 0-1

[Event "WCO 2016"]
[Site "?"]
[Date "2016.09.11"]
[Round "9"]
[Board "11"]
[WhiteID "13700138"]
[White "Zhylkaidarova Sholpan"]
[BlackID "3702090"]
[Black "Avalos Rosana"]
[Result "1-0"]
[BlackElo "1576"]
[WhiteElo "2162"]
[LiveChessVersion "1.4.8"]

1. d4 {[%clk 1:30:54]} Nf6 {[%clk 1:30:50]} 2. c4 {[%clk 1:31:14]} g6
{[%clk 1:31:12]} 3. Nc3 {[%clk 1:31:39]} Bg7 {[%clk 1:31:38]} 4. e4
{[%clk 1:31:46]} d6 {[%clk 1:32:02]} 5. Nf3 {[%clk 1:32:02]} O-O {[%clk 1:32:22]}
6. Be2 {[%clk 1:32:09]} Nbd7 {[%clk 1:32:26]} 7. O-O {[%clk 1:31:58]} e5
{[%clk 1:32:31]} 8. Qc2 {[%clk 1:31:42]} Re8 {[%clk 1:31:47]} 9. Rd1
{[%clk 1:31:05]} exd4 {[%clk 1:31:36]} 10. Nxd4 {[%clk 1:31:19]} Nc5
{[%clk 1:29:38]} 11. f3 {[%clk 1:31:05]} h6 {[%clk 1:11:58]} 12. Be3
{[%clk 1:28:59]} Qe7 {[%clk 1:05:16]} 13. Bf2 {[%clk 1:26:16]} Ne6
{[%clk 1:00:53]} 14. Nxe6 {[%clk 1:24:30]} Bxe6 {[%clk 1:00:50]} 15. Nd5
{[%clk 1:23:51]} Qd8 {[%clk 0:49:12]} 16. Rac1 {[%clk 1:22:26]} c6
{[%clk 0:48:04]} 17. Nxf6+ {[%clk 1:21:54]} Bxf6 {[%clk 0:48:17]} 18. Qd2
{[%clk 1:19:29]} Qe7 {[%clk 0:46:27]} 19. Rc2 {[%clk 1:16:24]} Red8
{[%clk 0:40:16]} 20. Qb4 {[%clk 1:12:48]} Rd7 {[%clk 0:23:01]} 21. Rcd2
{[%clk 1:11:10]} Rad8 {[%clk 0:23:15]} 22. f4 {[%clk 0:56:15]} h5
{[%clk 0:20:37]} 23. h3 {[%clk 0:54:24]} Bg7 {[%clk 0:18:48]} 24. Qa3
{[%clk 0:40:37]} Qf8 {[%clk 0:14:19]} 25. Qf3 {[%clk 0:37:40]} f5
{[%clk 0:12:02]} 26. Bd3 {[%clk 0:35:11]} fxe4 {[%clk 0:10:41]} 27. Bxe4
{[%clk 0:35:28]} Qf7 {[%clk 0:10:49]} 28. b3 {[%clk 0:32:20]} d5 {[%clk 0:09:10]}
29. cxd5 {[%clk 0:32:24]} Bxd5 {[%clk 0:09:09]} 30. Bxd5 {[%clk 0:32:04]} Rxd5
{[%clk 0:09:20]} 31. Rxd5 {[%clk 0:31:41]} Rxd5 {[%clk 0:07:59]} 32. Rxd5
{[%clk 0:30:46]} cxd5 {[%clk 0:06:28]} 33. Bxa7 {[%clk 0:30:53]} Qd7
{[%clk 0:05:29]} 34. Bf2 {[%clk 0:27:22]} d4 {[%clk 0:05:09]} 35. Qd3
{[%clk 0:27:33]} Kh7 {[%clk 0:03:54]} 36. Be1 {[%clk 0:21:44]} Qd6
{[%clk 0:03:27]} 37. Bd2 {[%clk 0:20:19]} Bh6 {[%clk 0:02:18]} 38. Qe4
{[%clk 0:19:34]} b6 39. Kf2 {[%clk 0:19:05]} Qc5 {[%clk 0:02:02]} 40. Ke2
{[%clk 0:47:45]} Qb5+ {[%clk 0:32:09]} 41. Ke1 {[%clk 0:46:30]} Bf8
{[%clk 0:29:40]} 42. Qxd4 {[%clk 0:44:26]} Bc5 {[%clk 0:30:00]} 43. Qe4
{[%clk 0:38:29]} Qd7 {[%clk 0:30:14]} 44. Bc3 {[%clk 0:38:11]} Qd8
{[%clk 0:30:03]} 45. Qb7+ {[%clk 0:33:28]} Qe7+ {[%clk 0:26:48]} 46. Qxe7+
{[%clk 0:33:44]} Bxe7 {[%clk 0:27:14]} 47. Ke2 {[%clk 0:33:19]} Kg8
{[%clk 0:27:32]} 48. a4 {[%clk 0:31:27]} Bd8 {[%clk 0:27:35]} 49. Kd3
{[%clk 0:29:00]} Kf7 {[%clk 0:27:55]} 50. Ke4 {[%clk 0:28:47]} Ke6
{[%clk 0:28:04]} 51. g4 {[%clk 0:28:12]} hxg4 {[%clk 0:28:22]} 52. hxg4
{[%clk 0:28:33]} Kd6 {[%clk 0:28:01]} 53. f5 {[%clk 0:27:57]} gxf5+
{[%clk 0:28:23]} 54. Kxf5 {[%clk 0:27:52]} 1-0

[Event "WCO 2016"]
[Site "?"]
[Date "2016.09.11"]
[Round "9"]
[Board "12"]
[WhiteID "3701670"]
[White "Rojas Montserrat"]
[BlackID "13706349"]
[Black "Mukhit Aisezym"]
[Result "0-1"]
[BlackElo "2065"]
[WhiteElo "1561"]
[LiveChessVersion "1.4.8"]

1. d4 {[%clk 1:30:58]} Nf6 {[%clk 1:30:43]} 2. e3 {[%clk 1:30:58]} c5
{[%clk 1:30:40]} 3. Nf3 {[%clk 1:30:03]} e6 {[%clk 1:30:38]} 4. Bd3
{[%clk 1:29:40]} d5 {[%clk 1:30:32]} 5. b3 {[%clk 1:29:49]} Nc6 {[%clk 1:29:11]}
6. a3 {[%clk 1:29:54]} cxd4 {[%clk 1:28:21]} 7. exd4 {[%clk 1:29:58]} Bd6
{[%clk 1:28:05]} 8. Bb2 {[%clk 1:30:09]} O-O {[%clk 1:27:25]} 9. Nbd2
{[%clk 1:27:06]} Qc7 {[%clk 1:23:12]} 10. O-O {[%clk 1:11:20]} Rb8
{[%clk 1:16:13]} 11. Qe2 {[%clk 1:11:04]} a6 {[%clk 1:11:09]} 12. Ne5
{[%clk 1:10:27]} Nd7 {[%clk 1:04:13]} 13. f4 {[%clk 1:02:27]} g6 {[%clk 0:51:34]}
14. Rf3 {[%clk 1:01:04]} Ndxe5 {[%clk 0:39:44]} 15. fxe5 {[%clk 1:00:05]} Be7
{[%clk 0:39:52]} 16. Rg3 {[%clk 0:46:44]} b5 {[%clk 0:32:29]} 17. Rf1
{[%clk 0:45:59]} Qa7 {[%clk 0:25:52]} 18. Qh5 {[%clk 0:41:37]} Nxd4
{[%clk 0:23:11]} 19. Kh1 {[%clk 0:29:57]} Nf5 {[%clk 0:19:22]} 20. Bxf5
{[%clk 0:29:35]} exf5 {[%clk 0:19:51]} 21. Qh6 {[%clk 0:29:29]} Bd8
{[%clk 0:13:07]} 22. e6 {[%clk 0:20:54]} f6 {[%clk 0:13:04]} 23. Rxf5
{[%clk 0:19:38]} Bxe6 {[%clk 0:12:35]} 24. Rh5 {[%clk 0:17:06]} Qg7
{[%clk 0:12:20]} 25. Qe3 {[%clk 0:07:20]} Re8 {[%clk 0:11:51]} 26. Rh4
{[%clk 0:05:10]} Bc7 {[%clk 0:10:30]} 27. Rf3 {[%clk 0:02:52]} Bg4
{[%clk 0:09:27]} 28. Bxf6 {[%clk 0:02:32]} Rxe3 {[%clk 0:09:39]} 29. Bxg7
{[%clk 0:02:29]} Bxf3 0-1

[Event "WCO 2016"]
[Site "?"]
[Date "2016.09.11"]
[Round "9"]
[Board "13"]
[WhiteID "10605908"]
[White "Mona Khaled"]
[BlackID "13600168"]
[Black "Arakhamia-Grant Ketevan"]
[Result "0-1"]
[BlackElo "2381"]
[WhiteElo "2175"]
[LiveChessVersion "1.4.8"]

1. Nf3 {[%clk 1:22:04]} c5 {[%clk 1:28:27]} 2. e3 {[%clk 1:22:16]} g6
{[%clk 1:27:30]} 3. d4 {[%clk 1:22:00]} Bg7 {[%clk 1:27:44]} 4. c4
{[%clk 1:21:59]} Nf6 {[%clk 1:26:49]} 5. Nc3 {[%clk 1:21:49]} O-O
{[%clk 1:26:05]} 6. Be2 {[%clk 1:21:32]} b6 {[%clk 1:13:35]} 7. O-O
{[%clk 1:19:52]} d6 {[%clk 1:12:51]} 8. d5 {[%clk 1:12:09]} e6 {[%clk 1:10:48]}
9. e4 {[%clk 1:11:56]} exd5 {[%clk 1:04:15]} 10. cxd5 {[%clk 1:09:43]} Na6
{[%clk 1:00:14]} 11. Bf4 {[%clk 1:07:48]} Nc7 {[%clk 0:57:12]} 12. Nd2
{[%clk 1:05:27]} Nfe8 {[%clk 0:49:55]} 13. a4 {[%clk 0:51:37]} f5
{[%clk 0:48:48]} 14. exf5 {[%clk 0:42:01]} Bxf5 {[%clk 0:48:58]} 15. Bg3
{[%clk 0:40:00]} a6 {[%clk 0:48:19]} 16. Nc4 {[%clk 0:38:54]} Rb8
{[%clk 0:48:18]} 17. Qd2 {[%clk 0:37:18]} Kh8 {[%clk 0:40:34]} 18. Bf3
{[%clk 0:34:49]} Qf6 {[%clk 0:22:00]} 19. Rfe1 {[%clk 0:27:47]} b5
{[%clk 0:21:27]} 20. axb5 {[%clk 0:28:11]} axb5 {[%clk 0:21:54]} 21. Na5
{[%clk 0:23:48]} Ra8 {[%clk 0:13:44]} 22. Nc6 {[%clk 0:18:43]} Rxa1
{[%clk 0:12:25]} 23. Rxa1 {[%clk 0:19:05]} b4 {[%clk 0:12:45]} 24. Na4
{[%clk 0:18:50]} Nb5 {[%clk 0:11:43]} 25. Bf4 {[%clk 0:16:35]} Nd4
{[%clk 0:08:38]} 26. Nxd4 {[%clk 0:12:34]} Qxd4 {[%clk 0:09:03]} 27. Qxd4
{[%clk 0:12:20]} Bxd4 {[%clk 0:09:27]} 28. Bh6 {[%clk 0:12:47]} Ng7
{[%clk 0:08:06]} 29. Re1 {[%clk 0:09:56]} Bc2 {[%clk 0:07:33]} 30. Nb6
{[%clk 0:10:03]} Bxb2 {[%clk 0:06:52]} 31. Nc4 {[%clk 0:10:14]} Bc3
{[%clk 0:06:52]} 32. Re7 {[%clk 0:08:14]} Rb8 {[%clk 0:05:42]} 33. Nxd6
{[%clk 0:05:35]} b3 {[%clk 0:05:42]} 34. Bc1 {[%clk 0:05:58]} Kg8
{[%clk 0:01:36]} 35. Nc4 {[%clk 0:03:31]} Nf5 {[%clk 0:01:38]} 36. Ra7
{[%clk 0:03:02]} Re8 {[%clk 0:01:21]} 37. Ne3 {[%clk 0:03:17]} Nxe3
{[%clk 0:01:03]} 38. fxe3 {[%clk 0:03:43]} b2 {[%clk 0:01:13]} 39. Bxb2
{[%clk 0:04:07]} Bxb2 {[%clk 0:01:38]} 40. d6 {[%clk 0:34:28]} Bf6
{[%clk 0:30:46]} 41. Bd5+ {[%clk 0:34:36]} Kh8 {[%clk 0:31:04]} 42. Rf7
{[%clk 0:33:56]} Bg5 {[%clk 0:28:16]} 43. d7 {[%clk 0:33:12]} Bxe3+
{[%clk 0:21:26]} 44. Kh1 {[%clk 0:33:37]} Rd8 {[%clk 0:13:42]} 45. h4
{[%clk 0:33:01]} Bf5 {[%clk 0:12:07]} 46. Bc6 {[%clk 0:33:07]} c4
{[%clk 0:11:54]} 47. Re7 {[%clk 0:31:07]} Bb6 {[%clk 0:11:59]} 48. h5
{[%clk 0:30:43]} gxh5 {[%clk 0:11:33]} 49. Rf7 {[%clk 0:30:41]} Bg6
{[%clk 0:09:03]} 50. Rf3 {[%clk 0:30:06]} Kg7 {[%clk 0:08:34]} 0-1

[Event "WCO 2016"]
[Site "?"]
[Date "2016.09.11"]
[Round "9"]
[Board "14"]
[WhiteID "2403501"]
[White "Durno Joy"]
[BlackID "10609970"]
[Black "Wafa Shrook"]
[Result "0-1"]
[BlackElo "2106"]
[WhiteElo "1894"]
[LiveChessVersion "1.4.8"]

1. d4 {[%clk 1:30:58]} Nf6 {[%clk 1:30:49]} 2. c4 {[%clk 1:31:23]} e6
{[%clk 1:31:13]} 3. g3 {[%clk 1:31:39]} Bb4+ {[%clk 1:31:27]} 4. Bd2
{[%clk 1:31:50]} Qe7 {[%clk 1:31:36]} 5. Nf3 {[%clk 1:31:53]} O-O
{[%clk 1:31:44]} 6. Bg2 {[%clk 1:32:06]} Bxd2+ {[%clk 1:31:23]} 7. Qxd2
{[%clk 1:28:04]} a5 {[%clk 1:31:23]} 8. Nc3 {[%clk 1:25:48]} d6 {[%clk 1:31:18]}
9. e4 {[%clk 1:23:35]} e5 {[%clk 1:28:52]} 10. O-O {[%clk 1:20:46]} Bg4
{[%clk 1:27:33]} 11. Rfe1 {[%clk 1:02:21]} Nc6 {[%clk 1:23:15]} 12. dxe5
{[%clk 0:44:14]} dxe5 {[%clk 1:23:14]} 13. Qe3 {[%clk 0:31:25]} Bxf3
{[%clk 1:22:31]} 14. Bxf3 Nd4 15. Rac1 {[%clk 0:29:52]} c6 {[%clk 1:21:14]} 16.
Ne2 {[%clk 0:28:09]} Rfd8 {[%clk 1:20:36]} 17. Nxd4 {[%clk 0:27:34]} Rxd4 18.
Red1 {[%clk 0:27:13]} c5 {[%clk 1:19:28]} 19. Rxd4 {[%clk 0:26:04]} cxd4
{[%clk 1:17:57]} 20. Qd3 {[%clk 0:24:46]} Nd7 {[%clk 1:16:49]} 21. Be2
{[%clk 0:20:04]} Nc5 {[%clk 1:15:31]} 22. Qc2 {[%clk 0:20:22]} Qg5
{[%clk 1:14:32]} 23. Rf1 {[%clk 0:17:36]} Rd8 {[%clk 1:12:37]} 24. Bd3
{[%clk 0:14:54]} h5 {[%clk 1:12:05]} 25. f4 {[%clk 0:14:03]} Qh6 {[%clk 1:11:20]}
26. Kg2 {[%clk 0:13:07]} f6 {[%clk 1:11:06]} 27. Rf3 {[%clk 0:11:43]} h4
{[%clk 1:10:12]} 28. f5 {[%clk 0:05:48]} hxg3 {[%clk 1:08:38]} 29. Rxg3
{[%clk 0:05:02]} Kf7 {[%clk 1:08:08]} 30. Rh3 {[%clk 0:03:50]} Qg5+
{[%clk 1:06:49]} 31. Rg3 {[%clk 0:04:10]} Nxd3 {[%clk 1:02:37]} 32. Qxd3
{[%clk 0:04:24]} Qc1 {[%clk 1:01:48]} 33. Qb3 {[%clk 0:03:48]} Qd2+
{[%clk 1:01:48]} 34. Kg1 {[%clk 0:03:43]} Qe1+ {[%clk 1:02:08]} 35. Kg2
{[%clk 0:03:53]} Qxe4+ {[%clk 1:02:30]} 36. Kf2 {[%clk 0:03:46]} Qxf5+
{[%clk 1:02:42]} 37. Rf3 {[%clk 0:04:06]} Qe4 {[%clk 1:02:21]} 38. c5+
{[%clk 0:03:29]} Qd5 {[%clk 1:02:28]} 0-1